Responsabilité du médecin (Record no. 172499)

MARC details
000 -LEADER
campo de control de longitud fija 00831nam a2200229 i 4500
001 - NÚMERO DE CONTROL
campo de control 172499
003 - IDENTIFICADOR DE NÚMERO DE CONTROL
campo de control ES-MaACL
005 - FECHA Y HORA DE LA ÚLTIMA TRANSACCIÓN
campo de control 20230906214933.0
008 - DATOS DE LONGITUD FIJA--INFORMACIÓN GENERAL
campo de control de longitud fija 090713s2002 fr |||| | fre d
020 ## - NÚMERO INTERNACIONAL ESTÁNDAR DEL LIBRO
Número Internacional Estándar del Libro 2-225-83697-3
080 ## - NÚMERO DE LA CLASIFICACIÓN DECIMAL UNIVERSAL
Número de la Clasificación Decimal Universal 347.56(44):614.25
100 1# - ENTRADA PRINCIPAL--NOMBRE DE PERSONA
Nombre de persona Paley-Vincent, Catherine.
9 (RLIN) 141044
245 10 - MENCIÓN DEL TÍTULO
Título Responsabilité du médecin
Resto del título : mode d'emploi /
Mención de responsabilidad, etc. Catherine Paley-Vincent.
260 ## - PUBLICACIÓN, DISTRIBUCIÓN, ETC.
Lugar de publicación, distribución, etc. Paris :
Nombre del editor, distribuidor, etc. Masson,
Fecha de publicación, distribución, etc. [2002]
300 ## - DESCRIPCIÓN FÍSICA
Extensión XII, 276 p. ;
Dimensiones 21 cm.
490 1# - MENCIÓN DE SERIE
Mención de serie Collection de droit médical pratique
650 #4 - PUNTO DE ACCESO ADICIONAL DE MATERIA--TÉRMINO DE MATERIA
Término de materia o nombre geográfico como elemento de entrada Médicos-
Subdivisión general Responsabilidad profesional-
Subdivisión geográfica Francia.
9 (RLIN) 140997
650 #4 - PUNTO DE ACCESO ADICIONAL DE MATERIA--TÉRMINO DE MATERIA
Término de materia o nombre geográfico como elemento de entrada Medicina-
Subdivisión general Legislación-
Subdivisión geográfica Francia.
9 (RLIN) 140996
830 0# - PUNTO DE ACCESO ADICIONAL DE SERIE-TÍTULO UNIFORME
Título uniforme Collection de droit médical pratique
9 (RLIN) 223344
852 ## - LOCALIZACIÓN
Ubicación ES-MaACL
Número de control de estantería E-12817
itemnumber R.139438
Nota libre .- Biblioteca Jacinto Martínez Lacalle
Holdings
Estatus retirado Estado de pérdida Estado de daño No para préstamo Biblioteca de origen Biblioteca actual Ubicación en estantería Fecha de adquisición Fuente de adquisición Total de préstamos Signatura topográfica completa Código de barras Visto por última vez Precio de reemplazo Tipo de ítem Koha
        Biblioteca del Ateneo de Madrid Biblioteca del Ateneo de Madrid Depósito 2 13/07/2009     E-12817 1181025 23/02/2023 23/02/2023 Libro impreso